000 00865nmc a2200337 a 4500
003 AR-BaBNM
005 20251128203313.0
008 096019s1974 ||||||||||||||000 | spa||
020 _a84-206-1533-1
040 _cAR-BaBNM
100 1 _aEliade, Mircea
245 1 0 _aHerreros y alquimistas
260 _aMadrid
_bTaurus
_bAlianza Editorial
_c1974
300 0 _a198 p.
490 0 _aHumanidades
650 4 _aMITOLOGIA
650 4 _aALQUIMIA
650 4 _aPRACTICAS ESOTERICAS
650 4 _aFOLKLORE
650 4 _aBRUJERIA
650 4 _aANTROPOLOGIA CULTURAL Y SOCIAL
650 4 _aCOSTUMBRES Y TRADICIONES
650 4 _aCULTURAS POPULARES
650 4 _aMAGIA
650 4 _aSUPERSTICION
650 4 _aHISTORIA DE LAS CIENCIAS
700 0 _aE.T.
_etraductor
700 1 _aPérez Ledesma, Manuel
_erevisión
942 _cBK
998 _cMARTIN
999 _c2802
_d2802